Les Scouts et Guides de France (SGDF) - Statistiques

Statistiques générales
  • Ce quiz a été pris 127 fois
    95 depuis la dernière actualisation
  • Le résultat moyen est 11 sur 15
Statistiques - réponses
Question Réponse % Correct
Quel est le nom de la branche actuelle la plus jeune du mouvement, encadrée par des parents animateurs ? les farfadets
95%
Les foulards scouts que portent les adhérents des Scouts et Guides de France diffèrent en fonction de ... de leur groupe
92%
Quel est le nom du domaine que possède les Scouts et Guides de France en Ile-de-France près de Paris, qui est utilisé comme centre de formation et lieux pour les rassemblements ? Jambville
91%
Comment s'appellait le Jamboree National de 2019 de la branche Scouts-Guides ? Connecte!
87%
Quelle est la tenue de l'unité des compagnons ?
86%
Quelle décision importante eu lieu en 2004 ? la fusion entre les Scouts de France et les Guides de France
81%
Comment s'appelle le symbole de la progression personelle chez les pionniers et les caravelles (14-17 ans), qui est présent sur la tenue scoute ? le Cairn
77%
Dans la tranche d'âge des louveteaux-jeanettes (8-11 ans), le "veilleur" désigne... un jeune dans sa dernière année de louveteaux
74%
Qui a fondé les scouts de France en 1920 ? Jacques Sévin
73%
Quel est l'ancien logo des Guides de France
65%
Quel point de crispation engendra la scission avec les Scouts Unitaires de France à la fin des années 60 ? la division de branche des 12-17 en deux tranches d'âges distinctes
58%
Quel est l'ancien logo des Scouts de France ?
54%
En quelle année Albertine Duhamel fonda le mouvement des Guides de France ? 1923
54%
L'animateur spirituel "Cléophas" dans les groupes et les territoires des SGDF, tire son nom... d'un des disciples de Jésus rencontré sur le chemin d'Emmaüs
54%
Où eu lieu le premier camp national des Scouts de France en 1922 ? à Chamarande
32%
Aucun quiz correspondant
Distribution des résultats
% des personnes avec chaque résultat
Percentile par nombre de réponses
Votre historique - résultats
Vous n’avez pas pris ce quiz depuis la dernière actualisation